header

Saving lives, protecting jobs (Record no. 223069)

MARC details
000 -LEADER
fixed length control field 01453nam a2200337 a 4500
245 00 - TITLE STATEMENT
Title Saving lives, protecting jobs
260 ## - PUBLICATION, DISTRIBUTION, ETC. (IMPRINT)
Place of publication Geneva :
Name of publisher International Labour Office,
Year of publication 2008.
300 ## - PHYSICAL DESCRIPTION
Number of Pages viii, 87 p. :
Other physical details col. ill.
500 ## - GENERAL NOTE
General note "ILOAIDS."
650 #0 - SUBJECT ADDED ENTRY--TOPICAL TERM
Topical Term HIV (Viruses)
Topical Term AIDS (Disease)
Topical Term Health education.
856 40 - ELECTRONIC LOCATION AND ACCESS
Uniform Resource Identifier http://site.ebrary.com/lib/rucke/Doc?id=10512146

No items available.

© 2026 Rongo University
Contact us: librarian | system librarian | Rongo university